| 000 | 00656cam a2200229 i 4500 | ||
|---|---|---|---|
| 001 | 4140105 | ||
| 003 | BD-DhUL | ||
| 005 | 20170125114906.0 | ||
| 008 | 780103r19771880pau 000 0 eng | ||
| 010 | _a 77028533 | ||
| 020 |
_a0848220269 _c$20.00 |
||
| 040 |
_aDLC _cDLC _dDLC _dBD-DhUL |
||
| 050 | 1 | 0 |
_aPQ6337 _b.O5 1977 |
| 082 | 0 | 0 |
_a863.32 _bOLC |
| 100 | 1 | _aOliphant, | |
| 245 | 0 | 0 |
_aCervantes / _cby Mrs. Oliphant. |
| 260 |
_aNorwood : _bNorwood Editions, _c1977. |
||
| 300 |
_ax, 212 p. ; _c23 cm. |
||
| 650 | 0 |
_aAuthors, Spanish _yClassical period, 1500-1700 _xBiography. |
|
| 830 | 0 | _aForeign classics for English readers. | |
| 942 |
_2ddc _cBK |
||
| 999 |
_c154999 _d154999 |
||